[Event "San Francisco TNM Winter op"]
[Site "San Francisco"]
[Date "2015.01.27"]
[Round "4"]
[White "Shakhnazarov, Oleg"]
[Black "Bachseitz, Martin"]
[Result "1-0"]
[WhiteElo "2140"]
[BlackElo "1712"]
[PlyCount "95"]
[EventDate "2015.01.06"]
[EventType "swiss"]
[EventRounds "8"]
[EventCountry "USA"]
[SourceTitle "EXT 2016"]
[Source "ChessBase"]
[SourceDate "2015.10.08"]
[SourceVersion "1"]
[SourceVersionDate "2015.10.08"]
[SourceQuality "1"]

1. e4 c6 2. d4 d5 3. e5 Bf5 4. Ne2 e6 5. Ng3 Bg6 6. Be2 c5 7. dxc5 Bxc5 8. 0-0 Nc6 9. Bb5 Qb6 10. a4 a6 11. Bd3 Nxe5 12. a5 Qc6 13. Re1 Nxd3 14. cxd3 Nf6 15. Nc3 0-0 16. Bg5 Nd7 17. Rc1 Qd6 18. h4 Qxg3 19. d4 Bxd4 20. Qxd4 Qd6 21. Bf4 Qc5 22. Qa4 Qc4 23. Qxd7 Qxf4 24. Qe7 Qf6 25. Qb4 d4 26. Na4 d3 27. Nc5 Rfd8 28. Qd2 Qxh4 29. Nxb7 Rdb8 30. Nd6 Qd4 31. Nc4 Rb5 32. Rc3 Re8 33. Rec1 Rh5 34. Ne3 Qh4 35. f3 Qh2+ 36. Kf2 f5 37. Nf1 Qh4+ 38. g3 Qd4+ 39. Kg2 f4 40. Rc4 Qe5 41. Re1 Qd5 42. Rxf4 e5 43. Ne3 Qd7 44. Rg4 Bf5 45. Nxf5 Rxf5 46. Re3 Rd8 47. Rge4 Qd5 48. g4 1-0

[Event "San Francisco Neil Falconer op"]
[Site "San Francisco"]
[Date "2013.10.01"]
[Round "9"]
[White "Uzzaman, Ashik"]
[Black "Bachseitz, Martin"]
[Result "1/2-1/2"]
[WhiteElo "1908"]
[BlackElo "1631"]
[PlyCount "174"]
[EventDate "2013.08.06"]
[EventType "swiss"]
[EventRounds "9"]
[EventCountry "USA"]
[SourceTitle "EXT 2016"]
[Source "ChessBase"]
[SourceDate "2015.10.08"]
[SourceVersion "1"]
[SourceVersionDate "2015.10.08"]
[SourceQuality "1"]

1. e4 c5 2. Nc3 g6 3. f4 Bg7 4. Nf3 d6 5. Bb5+ Bd7 6. 0-0 Bxb5 7. Nxb5 Qd7 8. Qe2 a6 9. Nc3 Nc6 10. Nd5 Nd4 11. Nxd4 Bxd4+ 12. Kh1 Qc6 13. c3 Bg7 14. a4 e6 15. a5 Nf6 16. Nb6 Rd8 17. d3 d5 18. exd5 Nxd5 19. f5 Nxb6 20. axb6 e5 21. Be3 0-0 22. Rad1 Rd6 23. Qf2 Rc8 24. fxg6 fxg6 25. Qf7+ Kh8 26. Qc4 Rf6 27. Rxf6 Bxf6 28. Rf1 Kg7 29. h4 Qxb6 30. b4 Qc6 31. Bxc5 Rc7 32. Qg4 b6 33. Be3 Re7 34. Bd2 Qd5 35. Rf3 Re6 36. c4 Qd6 37. h5 Qc6 38. Rh3 Be7 39. Bc3 g5 40. Qf5 Qd6 41. d4 exd4 42. Bxd4+ Bf6 43. Qxg5+ Kf7 44. Qf5 Qxd4 45. Qxh7+ Bg7 46. Rf3+ Rf6 47. Qg6+ Kg8 48. Qe8+ Kh7 49. Rxf6 Qxf6 50. Qe4+ Kg8 51. Qd5+ Qf7 52. Qd8+ Qf8 53. Qxb6 Qf1+ 54. Kh2 Be5+ 55. Kh3 Qf5+ 56. g4 Qf3+ 57. Kh4 Bg3+ 58. Kg5 Qf4+ 59. Kg6 Qe4+ 60. Kf6 Be5+ 61. Ke6 Bc7+ 62. Kd7 Bxb6 63. c5 Ba7 64. c6 Qd5+ 65. Kc7 Qf7+ 66. Kd6 Qf8+ 67. Kd7 Qf7+ 68. Kd6 Qe8 69. c7 Bb6 70. g5 Qc8 71. h6 Qxc7+ 72. Kd5 Kh7 73. Ke6 Kg6 74. b5 axb5 75. h7 Kxh7 76. Kf6 Qd8+ 77. Kf5 Qg8 78. g6+ Qxg6+ 79. Ke5 Qg5+ 80. Kd6 Qf5 81. Ke7 Bc5+ 82. Kd8 Qd5+ 83. Kc7 Bd6+ 84. Kd7 Qc5 85. Kd8 Be7+ 86. Kd7 Qd6+ 87. Ke8 Kg7 1/2-1/2

[Event "San Francisco TNM Winter op"]
[Site "San Francisco"]
[Date "2013.01.08"]
[Round "1"]
[White "Bachseitz, Martin"]
[Black "Gaffagan, Steven"]
[Result "0-1"]
[WhiteElo "1601"]
[BlackElo "2094"]
[PlyCount "88"]
[EventDate "2013.01.08"]
[EventType "swiss"]
[EventRounds "8"]
[EventCountry "USA"]
[SourceTitle "EXT 2016"]
[Source "ChessBase"]
[SourceDate "2015.10.08"]
[SourceVersion "1"]
[SourceVersionDate "2015.10.08"]
[SourceQuality "1"]

1. d4 Nf6 2. c4 g6 3. Bf4 Bg7 4. e3 0-0 5. Bd3 c5 6. Ne2 cxd4 7. exd4 d5 8. c5 Nc6 9. 0-0 Nh5 10. Be3 e5 11. Bb5 e4 12. Qd2 Ne7 13. Nbc3 Nf5 14. f3 exf3 15. Rxf3 Nxe3 16. Qxe3 Bg4 17. Rf2 Rc8 18. h3 Bxe2 19. Rxe2 Qh4 20. Rd2 a6 21. Ba4 Ng3 22. Qf2 Qg5 23. Re1 h5 24. Bb3 Rcd8 25. Nxd5 Nf5 26. Re4 Rfe8 27. Rxe8+ Rxe8 28. Nc3 h4 29. Bd5 Re7 30. Ne4 Qe3 31. Qxe3 Nxe3 32. Nc3 Nxd5 33. Nxd5 Rd7 34. Nb6 Rxd4 35. Rc2 Rf4 36. Nd5 Bd4+ 37. Kh2 Rf1 38. g4 Rf3 39. b3 Be5+ 40. Kg2 Rg3+ 41. Kf1 Rxh3 42. Re2 f6 43. Re3 Rh1+ 44. Kg2 Rh2+ 0-1